000 01160nam a2200265Ia 4500
003 OSt
005 20220930094808.0
006 a|||||r|||| 00| 0
007 ta
008 220926b |||||||| |||| 00| 0 hin d
024 _a19511
037 _cTheses
040 _aCRL
_cCRL
_bhin
041 _2hin
_ahin
100 _aगौड़, मन्जु
110 _aदिल्ली विश्वविद्यालय. कला संकाय. हिन्दी विभाग
245 0 _aस्वातंत्र्योत्तर साम्प्रदायिक सौमनस्य और हिन्दी नाटक
246 _aSvātantryottar sāmpradāyik saumanasya aur hindī nāṭaka
260 _c2013
650 _aहिन्दी साहित्य
700 _a डॉ. राज भारद्वाज, गा.
_9556301
700 _aदिल्ली विश्वविद्यालय. कला संकाय. हिन्दी विभाग
942 _cDIS
_2CC
999 _c887694
_d887694